<?xml version="1.0" encoding="UTF-8"?>
<collection xmlns="http://www.loc.gov/MARC21/slim">
    <record>
        <controlfield tag="001">16272</controlfield>
        <controlfield tag="005">20170831220609.0</controlfield>
        <datafield tag="037" ind1=" " ind2=" ">
            <subfield code="a">TAZ-TFM-2014-568</subfield>
        </datafield>
        <datafield tag="041" ind1=" " ind2=" ">
            <subfield code="a">spa</subfield>
        </datafield>
        <datafield tag="100" ind1="1" ind2=" ">
            <subfield code="a">Vega Pérez, Manuel</subfield>
        </datafield>
        <datafield tag="245" ind1="0" ind2="0">
            <subfield code="a">Reconstrucción Paleoambiental durante el Máximo Térmico del Paleoceno-Eoceno en Zumaya (País Vasco) basada en foraminíferos bentónicos e indicadores geoquímicos</subfield>
        </datafield>
        <datafield tag="260" ind1=" " ind2=" ">
            <subfield code="a">Zaragoza</subfield>
            <subfield code="b">Universidad de Zaragoza</subfield>
            <subfield code="c">2014</subfield>
        </datafield>
        <datafield tag="506" ind1=" " ind2=" ">
            <subfield code="a">by-nc-sa</subfield>
            <subfield code="b">Creative Commons</subfield>
            <subfield code="c">3.0</subfield>
            <subfield code="u">http://creativecommons.org/licenses/by-nc-sa/3.0/</subfield>
        </datafield>
        <datafield tag="500" ind1=" " ind2=" ">
            <subfield code="a">Resumen disponible también en inglés</subfield>
        </datafield>
        <datafield tag="520" ind1=" " ind2=" ">
            <subfield code="a">Durante el Máximo Térmico del Paleoceno-Eoceno (PETM, por sus siglas en inglés) se produjeron una serie de cambios bióticos a nivel global, entre los que destaca por su severidad la extinción de los foraminíferos bentónicos de medios profundos. Además, se registra una excursión negativa en los isótopos del carbono, la intensificación del ciclo hidrológico, y cambios geográficamente variables en la productividad marina y en la oxigenación de las aguas del fondo. El tránsito Paleoceno-Eoceno aflora de una manera excelente en el corte de Zumaya (País Vasco), y por eso ha sido objeto de numerosos estudios multidisciplinares. Sin embargo, la baja resolución de los estudios realizados hasta el momento no ha permitido correlacionar de una manera detallada los cambios en las asociaciones de foraminíferos bentónicos con las variaciones resgistradas en distintos indicadores geoquímicos. El análisis realizado en el presente trabajo ha permitido correlacionar datos micropaleontológicos y geoquímicos, y reconstruir de una forma más detallada los cambios paleoambientales a través del límite Paleoceno-Eoceno.</subfield>
        </datafield>
        <datafield tag="521" ind1=" " ind2=" ">
            <subfield code="a">Máster Universitario en Iniciación a la Investigación en Geología</subfield>
        </datafield>
        <datafield tag="540" ind1=" " ind2=" ">
            <subfield code="a">Derechos regulados por licencia Creative Commons</subfield>
        </datafield>
        <datafield tag="653" ind1="1" ind2=" ">
            <subfield code="a">petm</subfield>
        </datafield>
        <datafield tag="653" ind1="1" ind2=" ">
            <subfield code="a">foraminíferos bentónicos</subfield>
        </datafield>
        <datafield tag="653" ind1="1" ind2=" ">
            <subfield code="a">paleoceno</subfield>
        </datafield>
        <datafield tag="653" ind1="1" ind2=" ">
            <subfield code="a">eoceno</subfield>
        </datafield>
        <datafield tag="653" ind1="1" ind2=" ">
            <subfield code="a">extinción</subfield>
        </datafield>
        <datafield tag="700" ind1=" " ind2=" ">
            <subfield code="a">Alegret Badiola, Laia</subfield>
            <subfield code="e">dir.</subfield>
        </datafield>
        <datafield tag="710" ind1="2" ind2=" ">
            <subfield code="a">Universidad de Zaragoza</subfield>
            <subfield code="b"> </subfield>
            <subfield code="c"></subfield>
        </datafield>
        <datafield tag="856" ind1="0" ind2=" ">
            <subfield code="f">689308@celes.unizar.es</subfield>
        </datafield>
        <datafield tag="856" ind1="4" ind2=" ">
            <subfield code="s">2510165</subfield>
            <subfield code="u">http://zaguan.unizar.es/record/16272/files/TAZ-TFM-2014-568.pdf</subfield>
            <subfield code="y">Memoria (spa)</subfield>
        </datafield>
        <datafield tag="909" ind1="C" ind2="O">
            <subfield code="o">oai:zaguan.unizar.es:16272</subfield>
            <subfield code="p">driver</subfield>
            <subfield code="p">trabajos-fin-master</subfield>
        </datafield>
        <datafield tag="950" ind1=" " ind2=" ">
            <subfield code="a"></subfield>
        </datafield>
        <datafield tag="980" ind1=" " ind2=" ">
            <subfield code="a">TAZ</subfield>
            <subfield code="b">TFM</subfield>
            <subfield code="c">CIEN</subfield>
        </datafield>
    </record>

    
</collection>